MDQL
is popping MORE tags! Check the
thread
!
Quizzes
Events
Quiz Creation
Community
Videos
Private Events
Remove Ads
Sign In
Join for FREE
Feedback
Dark Mode
Quiz Categories
Sports
Geography
Music
Movies
Television
Just For Fun
Miscellaneous
History
Literature
Language
Science
Gaming
Entertainment
Religion
Holiday
For Kids
Quiz Lab
Recent
Popular Today
Quiz Kudos Today
Editor Picks
Curator Picks
Quizzes by...
Day
Popularity
Type
Ratings
Length
Year
Community
Subscriptions
Recent Discussions
Orange Saloon
Badges
Playlists
Quests
Create
Leaderboards
Showdown
Live 5
Trivia Bingo
Activity
Puzzle Library
Sporcle Events
Private Events
Virtual Trivia
Globe League
Become a Host
Pub Owners
SporcleCon
Opinionation
Our Games
Videos
Blog
Mobile Apps
Partnerships
Remove Ads and Go Orange
Feedback
Television
TV Characters
TV Show
Sitcom
Network
Friends
Reality Shows
Cast
South Park
Star Trek
The Simpsons
Doctor Who
Television
TV Characters
TV Show
Sitcom
Network
Friends
Reality Shows
Cast
South Park
Star Trek
The Simpsons
Doctor Who
Random Quiz
Search Sporcle
×
Quiz Lab
Quiz Lab
Television
candidate
Type in answers that appear in a list
Type in answers that appear in a list
Classic
Best Score? Go Orange.
Jacob's Key Candidates Stats
Can you name the Jacob's Key Candidates?
By
purplesting
10m
41 Questions
10 Plays
10 Plays
10 Plays
Comments
Comments
Give Quiz Kudos
Give Quiz Kudos
-
- Ratings
hide this ad
Replay
Link that replays current quiz
Next Quiz
Link to next quiz in quiz playlist
You Got
0%
They Got
Avg Score
55%
Avg Friend Score
Upgrade to see
Score Distribution
Jump to the score distribution portion of the page
Score
0/41
Timer
10:00
0
Plays Today
Candidate Number
Candidate
% Correct
4
John Locke
100%
15
James 'Sawyer' Ford
100%
23
Jack Shephard
100%
42
Sun-Hwa Kwon and or Jin-Soo Kwon
100%
51
Kate Austen
100%
117
Benjamin or Roger Linus
100%
313
Claire Littleton
100%
8
Hugo 'Hurley' Reyes
90%
16
Sayid Jarrah
90%
335
Rose Henderson (Nadler)
90%
58
Juliet Burke
80%
124
Michael Dawson
80%
31
Shannon Rutherford
70%
101
Daniel Faraday
70%
104
Charlotte Lewis
70%
226
Boone Carlyle
70%
Unknown Number
Horace, Amy, Olivia or Ethan Goodspeed
70%
20
Danielle Rousseau
60%
171
Miles Straume
60%
301
Edward Mars
60%
48
Goodwin or Harper Stanhope
50%
Candidate Number
Candidate
% Correct
62
Kelvin Inman
50%
321
Nikki Fernandez
50%
76
Mr. Eko
40%
337
Karl Martin
40%
90
Gary Troup
30%
102
Montand
30%
109
Tom Friendly
30%
131
Scott Jackson
30%
285
Steve Jenkins
30%
1
Sullivan
20%
2
Lacombe
20%
10
Mattingly
20%
11
Lee
20%
14
Ryan Pryce
20%
29
Brennan
20%
233
Jones
20%
317
Cunningham
20%
Unknown Number
Pierre Chang
20%
Unknown Number
Colleen or Danny Pickett
20%
108
Wallace
20%
Quiz Playlist
Details
Report
Send in Message
Add To Playlist
Classic:
Type in answers that appear in a list
Last Updated: Feb 16, 2017
Quiz Scoreboard
CHALLENGE
Sign Up to Join the Scoreboard
Show All
Scores
Hide
Comments
May contain spoilers
Recently Published
Street Fighter Characters
by Artimus82
Gaming
60s
9x9 Crossword: Cartoon Network
by jackfrog10
Miscellaneous
3m
College Basketball Coaching Resumes
by pancakes188
Sports
9m
More to Explore
Quiz From the Vault
Featured Blog Post
Where Did the Easter Bunny Come From?
hide this ad
You Might Also Like...
Tags
background
candidate
elimination
jacob
Key
Today's Top Quizzes in Television
Browse Television
hide this ad
Today's Top Quizzes in candidate
Browse candidate
Top Contributed Quizzes in Television
1
5-to-1: The Simpsons Families
2
5-to-1: Television Doctors
3
Adjectives in 80s TV Shows
4
Adjectives in 00s TV Shows
5
7-to-1: TV Show Settings
6
Adjectives in 10s TV Shows
7
Survivor Journey Challenge
8
5-to-1: Streaming Originals
9
Survivor Seasons
10
One Piece Logic Puzzle
Explore More
Trending Topics
Marvel
Anime
Disney
Crossword
NBA
Harry Potter
Kpop
Soccer
NFL
WWE
The Office
Country
Puzzle
Pokémon
Song
hide this ad
More By:
purplesting
Quiz
Plays
Rating
Category
Featured
Created
ABC Once Upon a Time Characters by Episode
4,281
3.30
Television
Oct 28, 2012
Characters in the Lorien Legacies
889
Literature
Dec 17, 2012
The Book Thief Characters
650
4.00
Literature
Nov 8, 2012
A Song of Ice and Fire POV
450
2.00
Literature
Jul 8, 2013
Harry Potter's Graduating Class
323
2.00
Literature
Sep 22, 2013
Go to Creator's Profile
Score Distribution
Quiz Creator Spotlight
purplesting
Follow
Send a Message
Quizzes Created
-
Created Quiz Play Count
-
More By This Creator
Popular Quizzes Today
1
Find the US States - No Outlines Minefield
2
Find the Countries of Europe - No Outlines Minefield
3
The Countries of the World
4
Find the US States
5
Risky Map Clicking: Biggest States A-Z
6
US States
7
Popular People in 1961
8
Movies - When Are They Set?
More Television Quizzes
Doctor Who Episodes in French - Series 1
Editor's Pick
Trending Quizzes
Risky Map Clicking: Least Populous States A-Z
Countries of the World: 200 Million BC
1-10 Letter G Words
Risky Map Clicking: Next State Alphabetically
Adjectives in 80s TV Shows
Recently Updated
Leaping Animals
pecheneg
Reality TV Shows (A-Z)
bhenderson79
Rickey Henderson's Hall of Fame Teammates
pecheneg
Champions League XIs: Arsenal
pecheneg
Quick Pick: Celebrities in WWE's Hall of Fame
aduchscher
A-Z Keypad Blitz II
pecheneg
Multiple Oscar Actors
pecheneg
Mystery Phrase Blitz: Oscar 'Best Actors'
pecheneg
F. Scott Fitzgerald Novels
LTH
Pick 3 Villains
ddd62291
Trending Topics
Crossword
NBA
Anime
Harry Potter
Marvel
Disney
Kpop
WWE
The Office
Pokémon
Country
Song
Puzzle
Soccer
NFL
Your Account Isn't Verified!
In order to create a playlist on Sporcle, you need to verify the email address you used during registration. Go to your
Sporcle Settings
to finish the process.
Report this User
Report this user for behavior that violates our
Community Guidelines
.
Details:
Send Report
Go to the Sporcle.com Mobile Site →
Comments